Photodegradation of modified spruce and beechwood

Bibliographic Details
Main Authors: Košíková, Božena, 1938-2020 (Author), Sasinková, Vlasta (Author), Tolvaj, László (Author), Papp, Gyorgy (Author), Bohus, János (Author), Szatmári, Sándor (Author)
Format: Article
Language:English
PhysicalDescription:Obr., tab.
ISSN:0012-6136
Subjects:

MARC

LEADER 00000nab a2200000 a 4500
001 vtls000848648
003 SK-MaSNL
005 20260318132558.0
008 140429c2002 xo 0 eng
015 |a SNBRB2003/10-28703 
035 |a CLN000200303 
040 |a SNKBUCL  |b slo  |c SNKBUCL  |e AACR2 
041 0 |a eng 
044 |a xo  |c SK 
080 |a 674.031.632.2.014/.017  |2 1997 
080 |a 674.032.475.2.014/.017  |2 1997 
080 |a 674.04  |2 1997 
245 0 0 |a Photodegradation of modified spruce and beechwood  |c Božena Košíková ... [et al.] 
300 |b Obr., tab. 
504 |a Res. angl., nem., rus., slov. 
504 |a Bibliogr. odkazy 
650 0 7 |a smrekové drevo  |2 snkbucl  |9 68621 
650 0 7 |a bukové drevo  |2 snkbucl  |9 73023 
650 0 7 |a acetylácia  |2 snkbucl  |9 20628 
650 0 7 |a fotodegradácia  |2 snkbucl  |9 1218738 
655 7 |a články z novín a časopisov  |2 snkbucl  |9 267496 
700 1 |a Košíková, Božena,  |d 1938-2020  |4 aut  |9 222453 
700 1 |a Sasinková, Vlasta  |4 aut  |9 22304 
700 1 |a Tolvaj, László  |4 aut  |9 826546 
700 1 |a Papp, Gyorgy  |4 aut  |9 848417 
700 1 |a Bohus, János  |4 aut  |9 1218739 
700 1 |a Szatmári, Sándor  |4 aut  |9 1218740 
773 0 |t Wood research  |g Roč. 47, č. 3 (2002), s. 11-18  |x 0012-6136 
850 |a Slovenská národná knižnica v Martine 
852 |a SNK  |b KIS3GCP 
958 |a NB 
992 |a RBX 
999 |c 2136207  |d 2138137